ბათუმის შოთა რუსთაველის სახელმწიფო უნივერსიტეტის ბიბლიოთეკა

პეტერბურგელი ქართველოლოგები დავით ჩუბინაშვილი, ალექსანდრე ცაგარელი (ბიბ.ჩანაწერი № 52472)

000 -LEADER
fixed length control field 01075nam a2200241Ia 4500
001 - CONTROL NUMBER
control field 19495
003 - CONTROL NUMBER IDENTIFIER
control field GE_BSU
008 - FIXED-LENGTH DATA ELEMENTS--GENERAL INFORMATION
fixed length control field 181216s||||||||xx |||||||||||||| ||und||
040 ## - CATALOGING SOURCE
Transcribing agency GE_BSU
080 ## - UNIVERSAL DECIMAL CLASSIFICATION NUMBER
Universal Decimal Classification number 81(479.22)(092)
100 ## - MAIN ENTRY--PERSONAL NAME
Personal name კინწურაშვილი კ.
245 ## - TITLE STATEMENT
Title პეტერბურგელი ქართველოლოგები დავით ჩუბინაშვილი, ალექსანდრე ცაგარელი
245 ## - TITLE STATEMENT
Statement of responsibility, etc. რედ.: მ. ქავთარია
260 ## - PUBLICATION, DISTRIBUTION, ETC.
Place of publication, distribution, etc. თბილისი
260 ## - PUBLICATION, DISTRIBUTION, ETC.
Name of publisher, distributor, etc. განათლება
260 ## - PUBLICATION, DISTRIBUTION, ETC.
Date of publication, distribution, etc. 1986
300 ## - PHYSICAL DESCRIPTION
Extent 245გვ; 21სმ.
300 ## - PHYSICAL DESCRIPTION
Other physical details ბიბლიოგრ. ტექსტის შენიშვნ.
653 ## - INDEX TERM--UNCONTROLLED
Uncontrolled term პეტერბურგელი ქართველოლოგები დავით ჩუბინაშვილი, ალექსანდრე ცაგარელი
653 ## - INDEX TERM--UNCONTROLLED
Uncontrolled term ქართველი ენათმეცნიერები;
942 ## - ADDED ENTRY ELEMENTS (KOHA)
Koha item type წიგნი
ეგზემპლარები
Withdrawn status Lost status Damaged status Not for loan Date acquired Barcode Date last seen Price effective from Koha item type
        2018-12-17 48523 2018-12-17 2018-12-17 წიგნი